Responses for show #2120 - Friday, November 19, 1993

1993 Tournament of Champions quarterfinal game 5.

Contestants

[<< previous game]

Jack Mahoney, an actor from Jersey City, New Jersey

Al Lin, a law and public policy student originally from Chesapeake, Virginia

Diane Siegel, a homemaker from Northridge, California

[next game >>]

Jeopardy! Round responses

UNOFFICIAL STATE NICKNAMES
TV MOVIES
ARCHITECTURE
KIDDIE LIT
ENDS WITH "K"
POTPOURRI
    $100 2
Mississippi

Al
    $100 26
Barry Manilow

Diane
    $100 1
Cross

Jack
    $100 25
Civil War

Diane
    $100 17
Shrink

Jack
    $100 5
on two feet

Al
    $200 10
Utah

Al
    $200 27
The Waltons

Diane
    $200 13
stairs

Al
    $200 24
Anne of Green Gables

Al
    $200 16
Luck

Al
    $200 18
Fable

Diane
    $300 9
Virginia

Jack
    $300 28
Jayne Mansfield

Diane
    $300 14
Aqueduct

Diane
    $300 23
(D: What is a goat?)

Wolf

Diane
Triple Stumper
    $300 6
Smirk

Jack
    $300 19
Someone from Liverpool

Al
    $400 7
Rhode Island

Jack
    $400 29
The Autobiography of Miss Jane Pittman

Jack
    $400 12
Minarets

Jack
    $400 15
Black Beauty

Al
    $400 4
Jerk

Diane
    $400 21
Parsley

Al
    $500 8
(D: What is Tennessee?)
(A: What is Kentucky?)
(J: What is Texas?)

Arkansas

DianeAlJack
Triple Stumper
    $500 30
Farrah Fawcett

Jack
    $500 11
Le Corbusier

Al
    $500 22
"Twinkle, Twinkle Little Star"

Diane
    $500 3
Bangkok

Al
    $500 20
Christians and Jews

Jack

Scores at the first commercial break (after clue 15):

Diane Al Jack
$200 $1,500 $1,000

Scores at the end of the Jeopardy! Round:

Diane Al Jack
$1,300 $2,600 $2,500

Double Jeopardy! Round responses

PRESIDENTS
SORORITY WOMEN
DRAMA
WORLD HISTORY
INNS
OATS
    $200 1
Abraham Lincoln

Al
    $200 30
Golf

Jack
    $200 20
Death of a Salesman

Al
    $200 21
Canada

Jack
    $200 29
Mary & Joseph

Diane
    $200 22
Quakers

Jack
    $400 7
John F. Kennedy

Al
    $400 14
Georgia O'Keeffe

Al
    $400 13
Boxing

Diane
    $400 19
Italy

Jack
    $400 28
Canterbury

Al
    $400 23
Sowing one's oats

Jack
    $600 18
Woodrow

Jack
    $600 12
Agnes de Mille

Jack
    $600 11
Lillian Hellman

Diane
    $600 9
Seven Years' War

Jack
    $600 27
Desert Inn

Triple Stumper
    $600 24
Porridge

Diane
    $800 15
William Howard Taft

Diane
    $1,200 16
(D: Jane something....Jane (time))

Sylvia Porter

Diane
    $800 10
The Piano Lesson

Al
    $800 8
Holstein

Al
    $800 26
(Al: What is a law school?)

the Inns of Court

Al
Triple Stumper
    $800 25
Bran

Al
    $1,500 2
Martin Van Buren

Al
    $1000 17
Margaret Chase Smith

Jack
    $1000 3
Mourning Becomes Electra

Diane
    $1000 4
(A: What is Yugoslavia?)

Greece

Al
Triple Stumper
    $1000 5
Jamaica Inn

Triple Stumper
    $1000 6
Grits

Jack

Scores at the end of the Double Jeopardy! Round:

Diane Al Jack
$3,700 $6,300 $7,700

Final Jeopardy! Round responses

WORD ORIGINS
[The four wildcard slots go to Phoebe Juel, Marilyn Kneeland, Bev Schwartzberg & Leslie Miller.]
DianeWhat is mantra?
$3,698
AlWhat is Sanskrit
$5,701
JackWhat is Mandarin?
$4,913
Mandarin

Final scores:

Diane Al Jack
$2 $599 $12,613
3rd place: $1,000 if eliminated 2nd place: $1,000 if eliminated Automatic semifinalist

Game dynamics:

Coryat scores:

Diane Al Jack
$4,900 $5,800 $7,700
14 R,
3 W
(including 1 DD)
20 R
(including 2 DDs),
3 W
19 R,
1 W

Combined Coryat: $18,400

The J! Archive is created by fans, for fans. The Jeopardy! game show and all elements thereof, including but not limited to copyright and trademark thereto, are the property of Jeopardy Productions, Inc. and are protected under law. This website is not affiliated with, sponsored by, or operated by Jeopardy Productions, Inc. Join the discussion at JBoard.tv.